[Event "Buenos Aires Atletico River Plate"]
[Site "Buenos Aires"]
[Date "2012.??.??"]
[Round "5.5"]
[White "Huberman, Alejandro"]
[Black "Galagovsky, Carlos"]
[Result "1/2-1/2"]
[WhiteElo "1683"]
[BlackElo "2095"]
[PlyCount "49"]
[EventDate "2012.08.04"]
[EventType "swiss"]
[EventRounds "7"]
[EventCountry "ARG"]
[SourceTitle "EXT 2024"]
[Source "ChessBase"]
[SourceDate "2023.10.10"]
[SourceVersion "1"]
[SourceVersionDate "2023.10.10"]
[SourceQuality "1"]

1. d4 d5 2. c4 e6 3. Nf3 Nf6 4. g3 dxc4 5. Qa4+ Nbd7 6. Qxc4 a6 7. Bg2 c5 8. 0-0 b5 9. Qc2 Bb7 10. Nbd2 Rc8 11. Qd1 cxd4 12. Nxd4 Bxg2 13. Kxg2 Bc5 14. N2f3 0-0 15. a3 Nb6 16. Bg5 Bxd4 17. Nxd4 Qd5+ 18. Nf3 Ne4 19. Qxd5 Nxd5 20. Rac1 h6 21. Bd2 Rc4 22. Rxc4 bxc4 23. Rc1 Rc8 24. Be1 Rc7 25. Rc2 1/2-1/2

[Event "Buenos Aires Duchamp op 1st"]
[Site "Buenos Aires"]
[Date "2011.09.22"]
[Round "9"]
[White "Olaciregui, Eduardo"]
[Black "Galagovsky, Carlos"]
[Result "0-1"]
[WhiteElo "2011"]
[BlackElo "2101"]
[PlyCount "32"]
[EventDate "2011.09.12"]
[EventType "swiss"]
[EventRounds "9"]
[EventCountry "ARG"]
[SourceTitle "EXT 2014"]
[Source "ChessBase"]
[SourceDate "2013.11.20"]
[SourceVersion "1"]
[SourceVersionDate "2013.11.20"]
[SourceQuality "1"]

1. d4 d5 2. e4 dxe4 3. Nc3 Nf6 4. Bg5 Bf5 5. Bc4 Nbd7 6. Nge2 e6 7. Ng3 h6 8. Bxf6 Nxf6 9. 0-0 Bd6 10. Re1 Bxg3 11. hxg3 c6 12. Qd2 0-0 13. Rad1 Qd6 14. a4 a5 15. Na2 Rfd8 16. Qe2 Bg4 0-1

[Event "Buenos Aires Duchamp op 1st"]
[Site "Buenos Aires"]
[Date "2011.09.14"]
[Round "3"]
[White "Lujan, Carolina"]
[Black "Galagovsky, Carlos"]
[Result "1-0"]
[WhiteElo "2350"]
[BlackElo "2101"]
[PlyCount "93"]
[EventDate "2011.09.12"]
[EventType "swiss"]
[EventRounds "9"]
[EventCountry "ARG"]
[SourceTitle "EXT 2014"]
[Source "ChessBase"]
[SourceDate "2013.11.20"]
[SourceVersion "1"]
[SourceVersionDate "2013.11.20"]
[SourceQuality "1"]

1. e4 e6 2. Qe2 c5 3. f4 Nc6 4. Nf3 g6 5. g3 Bg7 6. Bg2 Nge7 7. 0-0 0-0 8. c3 Rb8 9. Na3 d6 10. Nc2 b5 11. d4 b4 12. e5 bxc3 13. bxc3 cxd4 14. cxd4 dxe5 15. dxe5 Qa5 16. Re1 Ba6 17. Qf2 Rfd8 18. Ne3 Nb4 19. Bd2 Qa3 20. Bxb4 Qxb4 21. Rad1 Bd3 22. Rd2 Be4 23. Red1 Rxd2 24. Qxd2 Nd5 25. Nxd5 Bxd5 26. Nd4 Bxg2 27. Kxg2 Qb7+ 28. Kh3 Bf8 29. Qe2 Rd8 30. Nf3 Rxd1 31. Qxd1 Qe4 32. Ng5 Qf5+ 33. Kg2 h6 34. Nf3 g5 35. Qd4 Qc2+ 36. Qd2 Qxd2+ 37. Nxd2 Kg7 38. Ne4 Kg6 39. Kf3 gxf4 40. gxf4 Ba3 41. Nd2 Bc1 42. Nc4 Kf5 43. Nd6+ Kg6 44. a4 f5 45. Nb5 a5 46. Nd4 Kf7 47. Nb3 1-0

[Event "Buenos Aires Bolivar op 4th"]
[Site "Buenos Aires"]
[Date "2011.06.16"]
[Round "4"]
[White "Galagovsky, Carlos"]
[Black "Rasgido, Alejandro"]
[Result "1/2-1/2"]
[WhiteElo "2111"]
[BlackElo "2019"]
[PlyCount "44"]
[EventDate "2011.06.13"]
[EventType "swiss"]
[EventRounds "9"]
[EventCountry "ARG"]
[SourceTitle "EXT 2014"]
[Source "ChessBase"]
[SourceDate "2013.11.20"]
[SourceVersion "1"]
[SourceVersionDate "2013.11.20"]
[SourceQuality "1"]

1. c4 c6 2. Nf3 Nf6 3. g3 d5 4. b3 g6 5. Bg2 Bg7 6. 0-0 Ne4 7. d4 Nd7 8. Bb2 Ndf6 9. Nc3 Bf5 10. Nh4 Be6 11. Qd3 Nxc3 12. Bxc3 0-0 13. Rac1 Qd7 14. Rfd1 Rac8 15. Bd2 dxc4 16. bxc4 b5 17. d5 cxd5 18. cxd5 Rxc1 19. Bxc1 Qc7 20. Be3 Qa5 21. Bd4 Rb8 22. Bxf6 Bxf6 1/2-1/2

[Event "Buenos Aires Bolivar op 4th"]
[Site "Buenos Aires"]
[Date "2011.06.13"]
[Round "1"]
[White "Galagovsky, Carlos"]
[Black "Salcedo, Carlos"]
[Result "1-0"]
[WhiteElo "2111"]
[BlackElo "1722"]
[PlyCount "57"]
[EventDate "2011.06.13"]
[EventType "swiss"]
[EventRounds "9"]
[EventCountry "ARG"]
[SourceTitle "EXT 2014"]
[Source "ChessBase"]
[SourceDate "2013.11.20"]
[SourceVersion "1"]
[SourceVersionDate "2013.11.20"]
[SourceQuality "1"]

1. c4 Nf6 2. Nc3 g6 3. g3 Bg7 4. Bg2 0-0 5. d4 d6 6. Nf3 Nbd7 7. 0-0 e5 8. e4 c6 9. h3 Qe7 10. Be3 h6 11. Qc2 Rd8 12. Rfe1 Nf8 13. Rad1 c5 14. dxe5 dxe5 15. Rxd8 Qxd8 16. Nxe5 Qe7 17. Nd3 Ne6 18. Nd5 Nxd5 19. exd5 Ng5 20. h4 Nh7 21. Bxh6 Qf6 22. Bxg7 Qxg7 23. Nxc5 Nf6 24. Ne4 Bf5 25. Nxf6+ Qxf6 26. Qd2 Rd8 27. b4 b6 28. c5 bxc5 29. bxc5 1-0